000
00337 a2200109 4500
001
ART_3019
005
20260410161712.0
008
260409a
245
1
0
_a
El origen de la industrialización argentina
100
1
_a
Villanueva, Javier
773
0
_t
Desarrollo económico
_g
- Vol. 12, Nº 47 (oct./dic. 1972)
_w
REV1174
999
_c
16146
_d
16146